Logiczna eliminacja: Polskie miasta - Statystyki

Ogólne statystyki
  • Ten quiz został rozwiązany 618 razy
  • Średni wynik to 10 z 15
Statystyki odpowiedzi
Hint Odpowiedź % Poprawnych
U mnie urodził się Kopernik Toruń
90%
U mnie tablice rejestracyjne zaczynają się od L Lublin
86%
Jestem najbliżej Rosji Olsztyn
72%
Jestem w województwie Śląskim Bytom
71%
Jestem stolicą Lubuskiego Gorzów Wielkopolski
70%
Należałem do zaboru austriackiego Kraków
70%
Moja nazwa składa się z dwóch słów Dąbrowa Górnicza
69%
Przez moje centrum przepływa Odra Wrocław
67%
Jestem w Kujawsko-Pomorskim Bydgoszcz
66%
Mam w swojej nazwie 6 liter Poznań
65%
Zaczynam się na samogłoskę Opole
60%
Nazwa województwa pochodzi ode mnie Łódź
58%
Nie jestem stolicą województwa Radom
49%
Jestem pozostałym miastem Warszawa
46%
Historycznie jestem częścią Dolnego Śląska Zielona Góra
34%
Nie znaleziono quizów pasujących do podanych kryteriów
Rozkład punktacji
Procent ludzi z każdym wynikiem
Percentyl według liczby udzielonych odpowiedzi
Twoja historia wyników
Nie rozwiązałeś tego quizu